000 00529nam a22002057a 4500
003 LK-CoMWRAF
005 20231025233308.0
008 231025b |||||||| |||| 00| 0 eng d
020 _a0091476208
040 _aLK-CoMWRAF
_dLK-CoMWRAF
_eLK-CoMWRAF
041 _aeng
082 _a823
_bTHO
100 _aMichael M Thomas,
245 _aSomeone else's money
260 _aLondon :
_bHutchinson,
_c1982
300 _a501p. ; 24cm.
650 _aEnglish Fiction
650 _aEnglish Fiction--American writers
942 _cBK
999 _c4006
_d4006